Zákon o zdravotnom poistení od 1.1.2018

Zmeny zákona č. 580/2004 Z. z. o zdravotnom poistení účinné od 1. januára 2018, ktoré priniesli novely č. 41/2017 Z. z. a č. 351/2017 Z. z.

Guardado en:
Detalles Bibliográficos
Autor principal: Danajovičová, Katarína
Formato: Capítulo de libro
Lenguaje:eslovaco
Materias:
Etiquetas: Agregar Etiqueta
Sin Etiquetas, Sea el primero en etiquetar este registro!

MARC

LEADER 00000naa a2200000 4500
001 0241860
005 20180410105135.0
041 0 |a slo 
044 |a SK 
245 1 0 |a Zákon o zdravotnom poistení od 1.1.2018  |c Katarína Danajovičová 
520 |a Zmeny zákona č. 580/2004 Z. z. o zdravotnom poistení účinné od 1. januára 2018, ktoré priniesli novely č. 41/2017 Z. z. a č. 351/2017 Z. z. 
610 2 0 |a legislatíva 
610 2 0 |a novelizácia 
610 2 0 |a poistenie zdravotné 
610 2 0 |a pomer pracovný 
610 2 0 |a zamestnanci 
610 2 0 |a zamestnávatelia 
610 2 0 |a cudzinci 
100 1 |a Danajovičová, Katarína